| 000 | 00363nam a22001577a 4500 | ||
|---|---|---|---|
| 020 | _a978-93-86070-91-3 | ||
| 041 | _aENG | ||
| 100 | _a Choudhury.D.R | ||
| 245 | _aLinear Intedrated Circuits | ||
| 250 | _aFifth Edition | ||
| 260 |
_aLondon _bNew Age International (P) L .P _c2018 |
||
| 300 | _a973 | ||
| 650 | _aEOES | ||
| 700 | _a Jain.S.B | ||
| 856 | _uEOES | ||
| 999 |
_c63 _d63 |
||